000 00676nam a2200193 i 4500
001 61512
003 ES-MaACL
005 20251204171147.0
007 t|
008 031112s1963 sp ||||1| spa d
100 1 _aEwert, U.
_948417
245 1 0 _aSelección y formación de vendedores en el comercio al detall /
_cU. Ewert ; revisión y prólogo: A. García-Martín Suárez ; traducción de José Antonio Bravo.
260 _a[Barcelona] :
_bSagitario,
_c[1963]
300 _a236 p. :
_bil. ;
_c22 cm.
700 1 _aGarcía-Martín Suárez, Antonio.
_954905
700 _aBravo, José Antonio
_9198639
852 _aES-MaACL
_jC-24476
_bR.53305
999 _c61512
_d61512